[Event "Montreal op"]
[Site "Montreal"]
[Date "2024.09.13"]
[Round "1"]
[White "Bain Thouverez, Aurelien"]
[Black "Bergeron, Pascal"]
[Result "0-1"]
[WhiteElo "1844"]
[BlackElo "2137"]
[PlyCount "80"]
[EventDate "2024.09.13"]
[EventType "swiss"]
[EventRounds "5"]
[EventCountry "CAN"]
[SourceTitle "EXT 2025"]
[Source "ChessBase"]
[SourceDate "2024.10.14"]
[SourceVersion "1"]
[SourceVersionDate "2024.10.14"]
[SourceQuality "1"]

1. Nf3 g6 2. g3 Bg7 3. d4 Nf6 4. Bg2 0-0 5. 0-0 d6 6. c4 Ne4 7. Qc2 f5 8. Nbd2 Nxd2 9. Bxd2 e5 10. dxe5 dxe5 11. Rad1 Qe7 12. Bg5 Bf6 13. Bxf6 Qxf6 14. e4 f4 15. c5 g5 16. Rfe1 Nc6 17. b4 Bg4 18. Rf1 Kh8 19. Rb1 Bxf3 20. Bxf3 Nd4 21. Qd3 fxg3 22. Bg4 gxh2+ 23. Kxh2 Rad8 24. Qe3 Qg6 25. Rb2 Rf4 26. f3 Rdf8 27. Rbf2 h5 28. Bh3 Rh4 29. Rg1 Ne6 30. Kg3 Nf4 31. Rh2 Qf6 32. Bf5 Rxh2 33. Kxh2 Rd8 34. Rg3 Rd3 35. Qc1 Qd8 36. Bh3 g4 37. Qa1 Rd2+ 38. Bg2 Qh4+ 39. Kg1 Ne2+ 40. Kf2 Qxg3+ 0-1

[Event "Montreal Pere Noel op"]
[Site "Montreal"]
[Date "2022.12.29"]
[Round "4"]
[White "Hrivnak, Vladimir"]
[Black "Bain Thouverez, Aurelien"]
[Result "1/2-1/2"]
[WhiteElo "2235"]
[BlackElo "1719"]
[PlyCount "82"]
[EventDate "2022.12.27"]
[EventType "swiss"]
[EventRounds "5"]
[EventCountry "CAN"]
[SourceTitle "CBM 211 Extra"]
[Source "ChessBase"]
[SourceDate "2023.01.31"]
[SourceVersion "1"]
[SourceVersionDate "2023.01.31"]
[SourceQuality "1"]

1. e4 Nf6 2. e5 Nd5 3. c4 Nb6 4. c5 Nd5 5. Nc3 e6 6. Nxd5 exd5 7. d4 d6 8. exd6 cxd6 9. Bb5+ Nc6 10. Qe2+ Be7 11. cxd6 Qxd6 12. Nf3 Bg4 13. 0-0 0-0 14. Bxc6 bxc6 15. h3 Bh5 16. Qe5 Bxf3 17. Qxd6 Bxd6 18. gxf3 Rfe8 19. Bd2 Re2 20. Bc3 Rae8 21. Rfe1 Rxe1+ 22. Rxe1 Rxe1+ 23. Bxe1 Kf8 24. Kf1 Ke7 25. b3 Ke6 26. Bd2 c5 27. dxc5 Bxc5 28. Ke2 d4 29. Kd3 Kd5 30. Bf4 a6 31. Bc7 h5 32. Bd8 Bb4 33. Bb6 Bc5 34. Bxc5 Kxc5 35. a3 a5 36. f4 h4 37. f5 Kd5 38. f4 Kc5 39. Kd2 Kd5 40. Kd3 Kc5 41. Kd2 Kd5 1/2-1/2

[Event "Montreal Pere Noel op"]
[Site "Montreal"]
[Date "2022.12.28"]
[Round "3"]
[White "Chapdelaine, Gwyn"]
[Black "Bain Thouverez, Aurelien"]
[Result "1/2-1/2"]
[WhiteElo "1833"]
[BlackElo "1719"]
[PlyCount "97"]
[EventDate "2022.12.27"]
[EventType "swiss"]
[EventRounds "5"]
[EventCountry "CAN"]
[SourceTitle "CBM 211 Extra"]
[Source "ChessBase"]
[SourceDate "2023.01.31"]
[SourceVersion "1"]
[SourceVersionDate "2023.01.31"]
[SourceQuality "1"]

1. e4 Nf6 2. Nc3 d5 3. exd5 Nxd5 4. Nf3 Bg4 5. Bc4 e6 6. h3 Bh5 7. 0-0 Nc6 8. Nxd5 exd5 9. Bb5 Be7 10. d4 0-0 11. c3 Bd6 12. Be2 h6 13. Be3 Qf6 14. Nd2 Bxe2 15. Qxe2 Ne7 16. Rae1 c6 17. Qg4 Rad8 18. Nb3 b6 19. a4 a5 20. f4 Nf5 21. Bf2 g6 22. g3 Bb8 23. Nd2 Nd6 24. Re2 h5 25. Qf3 Rde8 26. Rfe1 Rxe2 27. Rxe2 Re8 28. Rxe8+ Nxe8 29. Qe2 Nd6 30. Qa6 Qd8 31. b4 axb4 32. cxb4 Bc7 33. g4 hxg4 34. hxg4 Ne4 35. Nxe4 dxe4 36. Be3 Kg7 37. Qe2 Qh4 38. Kg2 f5 39. gxf5 gxf5 40. Qf2 Qg4+ 41. Qg3 Kf6 42. Qxg4 fxg4 43. Kg3 Kf5 44. Bd2 Bd6 45. a5 bxa5 46. bxa5 Bc7 47. a6 Bb6 48. Be3 Ba7 49. Kf2 1/2-1/2

[Event "Cappelle Online Blitz op 1st"]
[Site "Europe Echecs INT"]
[Date "2021.01.10"]
[Round "7"]
[White "Bain Thouverez, Aurelien"]
[Black "Oney, Adil Feridun"]
[Result "0-1"]
[WhiteElo "1763"]
[BlackElo "2014"]
[PlyCount "52"]
[EventDate "2021.01.10"]
[EventType "swiss (blitz)"]
[EventRounds "11"]
[EventCountry "FRA"]
[SourceTitle "CBM 200 Extra"]
[Source "ChessBase"]
[SourceDate "2021.03.31"]
[SourceVersion "1"]
[SourceVersionDate "2021.03.31"]
[SourceQuality "1"]

1. e4 c5 2. d4 cxd4 3. c3 d3 4. Bxd3 Nc6 5. Nf3 g6 6. 0-0 Bg7 7. Nbd2 d6 8. Re1 Nf6 9. Nb3 0-0 10. h3 e5 11. Be3 h6 12. Qd2 Kh7 13. c4 b6 14. Rad1 Qe7 15. c5 dxc5 16. Bb5 Nd4 17. Bxd4 cxd4 18. Bc6 Rb8 19. Rc1 Nh5 20. Rc2 Qf6 21. Kh2 Nf4 22. Rec1 Nxh3 23. gxh3 Qxf3 24. Bd5 Qxh3+ 25. Kg1 Bg4 26. Qe1 Bf3 0-1

[Event "Cappelle Online Blitz op 1st"]
[Site "Europe Echecs INT"]
[Date "2021.01.10"]
[Round "2"]
[White "Guenin, Pierre"]
[Black "Bain Thouverez, Aurelien"]
[Result "0-1"]
[WhiteElo "1392"]
[BlackElo "1763"]
[PlyCount "126"]
[EventDate "2021.01.10"]
[EventType "swiss (blitz)"]
[EventRounds "11"]
[EventCountry "FRA"]
[SourceTitle "CBM 200 Extra"]
[Source "ChessBase"]
[SourceDate "2021.03.31"]
[SourceVersion "1"]
[SourceVersionDate "2021.03.31"]
[SourceQuality "1"]

1. e4 d5 2. e5 c5 3. f4 Nc6 4. Nf3 Bg4 5. Be2 e6 6. c3 d4 7. cxd4 cxd4 8. d3 Nge7 9. 0-0 Nd5 10. Qe1 Bb4 11. Qg3 Bxf3 12. Bxf3 0-0 13. a3 Be7 14. Nd2 Bh4 15. Qh3 Ne3 16. Ne4 Nxf1 17. Kxf1 Be7 18. Bd2 Qb6 19. b4 a5 20. Rb1 axb4 21. Nd6 Bxd6 22. exd6 Rxa3 23. Bxc6 Qxc6 24. Rxb4 Ra1+ 25. Ke2 Rfa8 26. Qf3 Qxf3+ 27. Kxf3 R1a6 28. Ke4 Rxd6 29. Rxb7 g6 30. Bb4 Rdd8 31. Be7 Re8 32. Bf6 Rab8 33. Rxb8 Rxb8 34. h4 Rb4 35. g4 Rb1 36. g5 Rh1 37. Bxd4 Rxh4 38. Bf6 h6 39. Ke5 hxg5 40. Bxg5 Rh3 41. d4 Rd3 42. Bf6 Rd1 43. Be7 Rf1 44. Bg5 Ra1 45. Kf6 Ra5 46. Ke7 Rf5 47. Kd6 f6 48. Kxe6 fxg5 49. fxg5 Rxg5 50. d5 Rg1 51. d6 Re1+ 52. Kd7 Kf7 53. Kd8 Rd1 54. d7 g5 55. Kc8 Rxd7 56. Kxd7 g4 57. Kd6 g3 58. Ke5 g2 59. Kd6 g1Q 60. Ke5 Qg6 61. Kd5 Qe6+ 62. Kd4 Ke7 63. Kc5 Kd7 0-1